| 000 | 00674nam a2200181 a 4500 | ||
|---|---|---|---|
| 001 | 3122 | ||
| 003 | CDMR | ||
| 005 | 20131014171005.0 | ||
| 008 | 130130s1962||||||||||||||||||||||||||||d | ||
| 040 |
_aCDMR _bcat _cCDMR |
||
| 100 | 1 |
_aComin Colomer, Eduardo _92278 |
|
| 245 | 1 | 0 |
_aPeriódicos que fueron _b: 6 crónicas publicadas (1945-46) en la Gaceta de la Prensa Española _cEduardo Comín Colomer |
| 260 |
_aMadrid _c1962 _bImp. La Xilográfica |
||
| 300 | _a50 p. | ||
| 500 | _aInclou cròniques sobre: La Gorda, periódica liberal ; El Combate ; La Gaceta Popular ; El Tiempo ; La Época ; Nuevo Mundo ; Mundo Gráfico | ||
| 650 | 0 | 4 |
_9468 _aDiaris _zEspanya |
| 942 |
_cMON _2udc |
||
| 999 |
_c3122 _d3122 |
||